000 00533nam a2200157 a 4500
001 000032699
005 20200930065801.0
008 110725s195- dr 000 spa d
040 _aDO-SdBNP
_bspa
_cBNPHU
082 _axxxx
_bL299
100 1 _aLapátegui, Amparo Llil
_958560
245 1 0 _aTributo de admiración - una mujer dominicana - al jefe ilustre generalísimo Rafael L. Trujillo M. /
_cAmparo Llil Lapátegui.
260 _a[Ciudad Trujillo, República Dominicana],
_c[195-].
300 _a33 p. ;
_c24 cm.
049 _aBNPD
999 _c32190
_d32190